000 01441nam a22004097a 4500
001 164
003 FISKH
005 20250826145621.0
008 230301b cb ||||| |||| 00| 0 eng d
040 _aNJQ/DLC
_beng
_cNJQ
_erda
_dDLC
050 0 0 _aPZ8.3.D7235
_bSc 2014
082 0 4 _a823.92
_223
100 1 _aDonaldson, Julia,
_eauthor.
245 1 4 _aThe scarecrows' wedding /
_cJulia Donaldson ; illustrations by Axel Scheffler.
250 _aFirst American edition.
264 1 _aNew York, NY :
_bArthur A. Levine Books, an imprint of Scholastic Inc.,
_c2014.
300 _a16 leaves of plates
_bcolor illustrations ;
_c25 x 26 cm
336 _atext
_2rdacontent
336 _astill image
_2rdacontent
337 _aunmediated
_2rdamedia
338 _avolume
_2rdacarrier
505 _aG
520 _aTold in rhyming text, Betty O'Barley and Harry O'Hay, two scarecrows, plan their wedding, enlisting the help of the animals around the farm.
521 8 _a450
_bLexile
521 8 _aG
_bRaz-Plus
650 0 _aScarecrows
_vJuvenile fiction.
650 0 _aWeddings
_xPlanning
_vJuvenile fiction.
650 0 _aFarms
_vJuvenile fiction.
650 0 _aStories in rhyme.
650 1 _aStories in rhyme.
650 1 _aScarecrows
_vFiction.
650 1 _aWeddings
_vFiction.
650 1 _aFarm life
_vFiction.
700 1 _aScheffler, Axel,
_eillustrator.
906 _a7
_bcbc
_corignew
_d1
_eecip
_f20
_gy-gencatlg
942 _2ddc
_cBK
_n0
999 _c164
_d164